Composé et/ou écrit par Serge Gainsbourg - Statistiques

Statistiques générales
  • Ce quiz a été pris 34 fois
  • Le résultat moyen est 7 sur 15
Statistiques - réponses
Année Artiste Réponse % Correct
1966 France Gall Les Sucettes
81%
1967 Brigitte Bardot Harley-Davidson
66%
1965 France Gall Poupée de cire, poupée de son
66%
1962 Juliette Gréco La Javanaise
63%
2001 Etienne Daho et Dani Comme un boomerang
59%
1983 Isabelle Adjani Pull Marine
59%
1979 Alain Chamfort Manureva
53%
1990 Vanessa Paradis Tandem
53%
1968 Françoise Hardy Comment te dire adieu
50%
1965 Petula Clark La Gadoue
47%
1980 Alain Chamfort Bambou
22%
1964 France Gall Laisse tomber les filles
19%
1978 Jane Birkin Ex-fan des sixties
16%
1990 Joëlle Ursull White and Black Blues
13%
1967 Claude François Hip Hip Hip Hurra
0%
Aucun quiz correspondant
Distribution des résultats
% des personnes avec chaque résultat
Percentile par nombre de réponses
Votre historique - résultats
Vous n’avez pas pris ce quiz